000 00652 a2200229 4500
003 CBULib
005 20231108132302.0
008 231108b |||||||| |||| 00| 0 eng d
020 _a9780192854124
040 _bEnglish
_cCBULib
_erda
041 _aeng
050 _aB 317 Tay
100 _aTaylor, C. C. W.
245 _aSocrates : a very short introduction
_c/ by C.C.W. Taylor
260 _bOxford University Press,
_c1998
_aOxford :
300 _a122 pages : illustrations
336 _2rdacontent
_aText |
_btxt
337 _2rdamedia
_aUnmediated |
_bn
338 _2rdacarrier
_aVolume
_bcz
650 0 _9964
_aSOCRATES
942 _2lcc
_c002
999 _c83066
_d83066